00693nam a2200205 a 4500008004100000020001500041050001500056100002000071245011200091260003900203300001800242350000900260490003200269650005500301650005200356650002100408650002400429700001900453710001500472081029s1998 ||||||||||||||||| || u a0821343076 aIBRD(08)TP aFeitelson, Eran10aIdentification of joint management structures for shared aquifers: a cooperative Palestinian-Israeli effort aWashington, D.C.bWorld Bankc1998 avi, 28p.:ill. a0.00 aWorld Bank Technical Papers aWATER RESOURCES DEVELOPMENT--PALESTINE--MANAGEMENT aWATER RESOURCES DEVELOPMENT--ISRAEL--MANAGEMENT aAQUIFERS--ISRAEL aAQUIFERS--PALESTINE aHaddad, Marwan aWorld Bank